[Event "Sautron op 13th"]
[Site "Sautron"]
[Date "2013.10.??"]
[Round "2"]
[White "Illien, Jean Marc"]
[Black "Broin, Christian"]
[Result "1-0"]
[WhiteElo "1956"]
[BlackElo "1671"]
[PlyCount "63"]
[EventDate "2013.10.26"]
[EventType "swiss"]
[EventRounds "9"]
[EventCountry "FRA"]
[SourceTitle "EXT 2016"]
[Source "ChessBase"]
[SourceDate "2015.10.08"]
[SourceVersion "1"]
[SourceVersionDate "2015.10.08"]
[SourceQuality "1"]

1. e4 e6 2. d3 g6 3. Nf3 Bg7 4. Nc3 c5 5. Bf4 Nc6 6. Be2 a6 7. 0-0 d6 8. Qd2 Nge7 9. Bh6 0-0 10. Bxg7 Kxg7 11. Qg5 Nd4 12. Nxd4 cxd4 13. Nd1 Nc6 14. Qg3 e5 15. f4 exf4 16. Qxf4 Qe7 17. Nf2 Qe5 18. Qd2 Be6 19. Bg4 Rac8 20. c3 Rc7 21. Bxe6 Qxe6 22. Rac1 Rfc8 23. c4 a5 24. Nh3 Qe5 25. Rf3 h6 26. Rcf1 Rh8 27. Nf4 Nd8 28. Nd5 Rc5 29. Qf2 Rf8 30. Nf6 Rc7 31. Ng4 Qh5 32. Qxd4+ 1-0

[Event "Angers op 7th"]
[Site "Angers"]
[Date "2012.04.21"]
[Round "4"]
[White "Mahe, Romain"]
[Black "Broin, Christian"]
[Result "1/2-1/2"]
[WhiteElo "1918"]
[BlackElo "1770"]
[PlyCount "69"]
[EventDate "2012.04.20"]
[EventType "swiss"]
[EventRounds "6"]
[EventCountry "FRA"]
[SourceTitle "CBM 148 Extra"]
[Source "ChessBase"]
[SourceDate "2012.06.22"]
[SourceVersion "1"]
[SourceVersionDate "2012.06.22"]
[SourceQuality "1"]

1. e4 e6 2. d4 d5 3. Nc3 Nf6 4. Bg5 Be7 5. e5 Nfd7 6. Bxe7 Qxe7 7. a3 a6 8. Qg4 f5 9. exf6 Nxf6 10. Qg3 0-0 11. Nf3 c5 12. 0-0-0 Nc6 13. dxc5 Qxc5 14. Bd3 b5 15. h4 Bd7 16. h5 h6 17. Ne2 b4 18. axb4 Qxb4 19. Ned4 Rab8 20. Nxc6 Bxc6 21. Qe5 Bd7 22. Qc3 Qxc3 23. bxc3 Ng4 24. Rhf1 e5 25. Bxa6 Bc6 26. Be2 Ba8 27. c4 e4 28. cxd5 exf3 29. Bxf3 Ne5 30. Be4 Ng4 31. Bf3 Nh2 32. Rfe1 Nxf3 33. gxf3 Rxf3 34. d6 Bc6 35. Re7 1/2-1/2

[Event "Nantes op 8th"]
[Site "Nantes"]
[Date "2009.12.??"]
[Round "3"]
[White "Broin, Christian"]
[Black "Dgebuadze, Alexandre"]
[Result "0-1"]
[WhiteElo "1748"]
[BlackElo "2516"]
[PlyCount "49"]
[EventDate "2009.12.??"]
[EventType "swiss"]
[EventRounds "9"]
[EventCountry "FRA"]
[SourceTitle "CBM 134 Extra"]
[Source "ChessBase"]
[SourceDate "2010.03.03"]
[SourceVersion "1"]
[SourceVersionDate "2010.03.03"]
[SourceQuality "1"]

1. d4 e6 2. Nf3 Nf6 3. e3 b6 4. Bd3 Bb7 5. 0-0 c5 6. b3 Qc7 7. Bb2 Nc6 8. a3 Be7 9. Nbd2 d5 10. Rc1 Rd8 11. Ne5 Nxe5 12. dxe5 Ne4 13. Bb5+ Bc6 14. Bxc6+ Qxc6 15. Nxe4 dxe4 16. Qe2 0-0 17. Rcd1 b5 18. Rxd8 Rxd8 19. Rd1 Rxd1+ 20. Qxd1 c4 21. Bd4 a5 22. Qa1 cxb3 23. cxb3 Qc2 24. a4 Qxb3 25. axb5 0-1

[Event "Rohde op 09th"]
[Site "Sautron"]
[Date "2009.10.27"]
[Round "5"]
[White "Delorme, Axel"]
[Black "Broin, Christian"]
[Result "1-0"]
[WhiteElo "2442"]
[BlackElo "1746"]
[PlyCount "63"]
[EventDate "2009.10.24"]
[EventType "swiss"]
[EventRounds "9"]
[EventCountry "FRA"]
[SourceTitle "EXT 2010"]
[Source "ChessBase"]
[SourceDate "2010.11.25"]
[SourceVersion "1"]
[SourceVersionDate "2010.11.25"]
[SourceQuality "1"]

1. e4 e6 2. d4 d5 3. Nc3 dxe4 4. Nxe4 Bd7 5. Nf3 Bc6 6. Bd3 Nd7 7. Qe2 Ngf6 8. Neg5 Bxf3 9. Nxf3 Be7 10. 0-0 0-0 11. Rd1 c6 12. Ne5 Re8 13. c3 Nf8 14. h4 Qc7 15. Bf4 Bd6 16. c4 c5 17. dxc5 Qxc5 18. Nd7 N8xd7 19. Bxd6 Qc6 20. c5 Rad8 21. Bb5 Qc8 22. Rac1 a6 23. Ba4 Qa8 24. Bc7 Nd5 25. Bxd8 Rxd8 26. c6 N7f6 27. c7 Rc8 28. Qe5 b5 29. Bb3 Qb7 30. Qd6 Ne8 31. Bxd5 exd5 32. Qxd5 1-0

[Event "Pays de Loire-chT"]
[Site "Cholet"]
[Date "2009.??.??"]
[Round "1"]
[White "Guemas, Maurice"]
[Black "Broin, Christian"]
[Result "1/2-1/2"]
[WhiteElo "1410"]
[BlackElo "1749"]
[PlyCount "95"]
[EventDate "2009.06.??"]
[EventType "team-tourn"]
[EventRounds "6"]
[EventCountry "FRA"]
[SourceTitle "EXT 2010"]
[Source "ChessBase"]
[SourceDate "2010.11.25"]
[SourceVersion "1"]
[SourceVersionDate "2010.11.25"]
[SourceQuality "1"]

1. e4 e6 2. d4 d5 3. Nc3 Nf6 4. Bg5 dxe4 5. Nxe4 Be7 6. Nxf6+ Bxf6 7. Bxf6 Qxf6 8. Nf3 0-0 9. Bd3 Nc6 10. 0-0 Bd7 11. c3 Rad8 12. Qc2 h6 13. Rfe1 Rfe8 14. Ne5 Nxe5 15. Rxe5 Bc6 16. Be4 Bxe4 17. Qxe4 c6 18. Re1 Rd5 19. Rxd5 cxd5 20. Qe5 Qxe5 21. Rxe5 f6 22. Re2 Kf7 23. f3 Rc8 24. Kf2 b5 25. Ke3 Ke7 26. Kd3 Kd6 27. f4 a6 28. g3 Rg8 29. b3 g5 30. fxg5 Rxg5 31. Rf2 Ke7 32. Re2 e5 33. dxe5 fxe5 34. Rf2 a5 35. a3 Rg6 36. Ke3 Rg4 37. Rf5 Re4+ 38. Kd3 Re1 39. Kd2 Ke6 40. Kxe1 Kxf5 41. Kf2 Ke4 42. Ke2 a4 43. bxa4 bxa4 44. h3 Kf5 45. Kd3 h5 46. Ke3 e4 47. Kf2 Ke6 48. Ke2 1/2-1/2

[Event "Pays de Loire-chT"]
[Site "Cholet"]
[Date "2009.??.??"]
[Round "5"]
[White "Loiret, Stanislas"]
[Black "Broin, Christian"]
[Result "1-0"]
[WhiteElo "2266"]
[BlackElo "1749"]
[PlyCount "43"]
[EventDate "2009.06.??"]
[EventType "team-tourn"]
[EventRounds "6"]
[EventCountry "FRA"]
[SourceTitle "EXT 2010"]
[Source "ChessBase"]
[SourceDate "2010.11.25"]
[SourceVersion "1"]
[SourceVersionDate "2010.11.25"]
[SourceQuality "1"]

1. e4 e6 2. d4 d5 3. Nc3 Bb4 4. e5 c5 5. a3 Bxc3+ 6. bxc3 Qc7 7. Nf3 Ne7 8. a4 b6 9. Bb5+ Bd7 10. Be2 Nbc6 11. 0-0 Ng6 12. Qd2 Na5 13. h4 0-0-0 14. h5 Ne7 15. Qg5 Be8 16. dxc5 bxc5 17. Qxg7 Rg8 18. Qxh7 Nac6 19. Rb1 c4 20. Ba3 Bd7 21. Bd6 Rh8 22. Qxf7 1-0

[Event "Nantes op 7th"]
[Site "Nantes"]
[Date "2008.??.??"]
[Round "6"]
[White "Broin, Christian"]
[Black "Primel, Dominique"]
[Result "0-1"]
[WhiteElo "1741"]
[BlackElo "1985"]
[PlyCount "91"]
[EventDate "2008.12.26"]
[EventType "swiss"]
[EventRounds "9"]
[EventCountry "FRA"]
[SourceTitle "CBM 128 Extra"]
[Source "ChessBase"]
[SourceDate "2009.03.05"]
[SourceVersion "2"]
[SourceVersionDate "2009.03.25"]
[SourceQuality "1"]

1. d4 Nf6 2. c4 e6 3. Nf3 b6 4. g3 Ba6 5. b3 Bb4+ 6. Bd2 Be7 7. Bg2 c6 8. Bc3 d5 9. Nbd2 Nbd7 10. 0-0 Rc8 11. Rc1 0-0 12. Ne5 Nxe5 13. dxe5 Nd7 14. cxd5 cxd5 15. Re1 Rc7 16. Nf3 Qb8 17. Bd4 Rfc8 18. Rxc7 Qxc7 19. Be3 Nxe5 20. Nxe5 Qxe5 21. Qb1 Qd6 22. Kf1 Bf6 23. Rc1 Qd8 24. Rxc8 Qxc8 25. Qc1 Qxc1+ 26. Bxc1 Kf8 27. Ba3+ Be7 28. Bb2 Bd6 29. Ke1 Bb7 30. e3 f6 31. Bf1 Ke7 32. Bd3 g6 33. Kd2 Bb4+ 34. Ke2 e5 35. a3 Bd6 36. b4 e4 37. Bb5 a6 38. Ba4 Be5 39. Bd4 Bxd4 40. exd4 Kd6 41. Ke3 Bc6 42. Bd1 Bb5 43. Bb3 a5 44. a4 Bc4 45. Bxc4 dxc4 46. Kxe4 0-1

[Event "Nantes op 6th"]
[Site "Nantes"]
[Date "2007.12.27"]
[Round "3"]
[White "Abergel, Thal"]
[Black "Broin, Christian"]
[Result "1-0"]
[WhiteElo "2528"]
[BlackElo "1754"]
[PlyCount "71"]
[EventDate "2007.12.26"]
[EventType "swiss"]
[EventRounds "7"]
[EventCountry "FRA"]
[SourceTitle "CBM 122 Extra"]
[Source "ChessBase"]
[SourceDate "2008.03.04"]
[SourceVersion "1"]
[SourceVersionDate "2008.03.04"]
[SourceQuality "1"]

1. e4 e6 2. d4 d5 3. Nd2 Nf6 4. e5 Nfd7 5. Bd3 c5 6. c3 Nc6 7. Ngf3 Qb6 8. 0-0 Be7 9. dxc5 Bxc5 10. Qe2 Qc7 11. Re1 Be7 12. c4 Nb4 13. cxd5 Nxd5 14. Nf1 N7b6 15. Bg5 Bd7 16. Bxe7 Nxe7 17. Ng3 Bc6 18. Rac1 Nbd5 19. Bb1 0-0-0 20. a3 Kb8 21. b4 Qb6 22. Rc5 Nc7 23. Ng5 Rhf8 24. Nxh7 Rh8 25. Ng5 Rhf8 26. N5e4 Nb5 27. Qb2 Rd5 28. a4 Nc7 29. a5 Qa6 30. Ba2 Rxc5 31. Nxc5 Qb5 32. Ne2 Ncd5 33. Rb1 Nxb4 34. Qxb4 Qxe2 35. Nd7+ Kc7 36. Qd6+ 1-0

[Event "Angers op 2nd"]
[Site "Angers"]
[Date "2007.04.13"]
[Round "2.8"]
[White "Broin, Christian"]
[Black "Yvon, Eric"]
[Result "1/2-1/2"]
[WhiteElo "1771"]
[BlackElo "1850"]
[PlyCount "51"]
[EventDate "2007.04.13"]
[EventType "swiss"]
[EventRounds "6"]
[EventCountry "FRA"]
[SourceTitle "CBM 117 Extra"]
[Source "ChessBase"]
[SourceDate "2007.05.09"]
[SourceVersion "1"]
[SourceVersionDate "2007.05.09"]
[SourceQuality "1"]

1. d4 d5 2. Nf3 e6 3. e3 c6 4. Bd3 f5 5. 0-0 Nf6 6. b3 Bd6 7. Ba3 0-0 8. Bxd6 Qxd6 9. c4 Nbd7 10. Nc3 Ne4 11. Qc2 Rf6 12. cxd5 exd5 13. Ne2 Rh6 14. g3 Qf6 15. Nf4 g5 16. Ng2 Nf8 17. Ne5 Nd7 18. Nxd7 Bxd7 19. f3 Nd6 20. Rf2 Rf8 21. Rd1 Qg7 22. Qd2 Rhf6 23. Kh1 h5 24. Rdf1 Kh8 25. Ne1 Qh6 26. Be2 1/2-1/2

[Event "Sautron Retif op 0405"]
[Site "Sautron"]
[Date "2005.03.05"]
[Round "6"]
[White "Broin, Christian"]
[Black "Huguet, Marcel"]
[Result "0-1"]
[WhiteElo "1857"]
[BlackElo "1400"]
[PlyCount "97"]
[EventDate "2004.10.16"]
[EventType "swiss"]
[EventRounds "7"]
[EventCountry "FRA"]
[SourceTitle "EXT 2007"]
[Source "ChessBase"]
[SourceDate "2006.11.23"]
[SourceVersion "1"]
[SourceVersionDate "2006.11.23"]
[SourceQuality "1"]

1. d4 e6 2. c4 c5 3. d5 d6 4. Nc3 e5 5. e4 Be7 6. Nf3 Nf6 7. Be2 Bd7 8. 0-0 Na6 9. Rb1 0-0 10. a3 Nc7 11. Nxe5 dxe5 12. d6 Bc6 13. dxe7 Qxe7 14. Qc2 Ne6 15. Nd5 Nxd5 16. exd5 Nd4 17. Qd1 Be8 18. Bd2 f6 19. b4 b6 20. Re1 Qd7 21. Bh5 Qa4 22. Bxe8 Qxd1 23. Rexd1 Rfxe8 24. bxc5 bxc5 25. Rb7 Reb8 26. Rdb1 Rxb7 27. Rxb7 a5 28. Kf1 a4 29. Ke1 Nc2+ 30. Ke2 Nxa3 31. Be3 Nxc4 32. Bxc5 a3 33. Rb1 a2 34. Ra1 Ra5 35. Bb4 Rb5 36. Bc3 Rxd5 37. Rxa2 Kf7 38. Ra7+ Kg6 39. Rc7 Na3 40. Bb4 Nb5 41. Rb7 Nd4+ 42. Kf1 Rb5 43. Rxb5 Nxb5 44. Bf8 Nd4 45. f3 Kf7 46. Bc5 Ne6 47. Bb4 h5 48. Kf2 g5 49. Bc3 0-1